000
00324nam a22001451a 4500
999
_c
166625
_d
166625
082
_a
H1
_b
BAC/S
100
_a
Bachchan
245
_a
Soham Hansah/
_c
by Bachchan.
260
_a
New Delhi:
_b
Rajpal,
_c
1981.
300
_a
30p.
650
_a
Literature Hindi
650
_a
Poetry Hindi
650
_a
Literature
942
_c
BK